Modelos y métodos de intervención en trabajo social

保存先:
書誌詳細
第一著者: Viscarret Garro, Juan Jesús (著者)
フォーマット: 図書
言語:スペイン語
出版事項: Madrid Alianza 2007
シリーズ:Política Social-Servicios Sociales
主題:
タグ: タグ追加
タグなし, このレコードへの初めてのタグを付けませんか!

MARC

LEADER 00000nam a2200000 a 4500
001 UCH1367
003 CL-VaPUC
008 090427e20070000SP |||||||||||||||||spa|d
020 |a 9788420648149 
082 0 4 |a 361  |b VIS  |2 21 
100 0 |a Viscarret Garro, Juan Jesús  |e author  |9 535829 
245 1 0 |a Modelos y métodos de intervención en trabajo social 
300 |a 324 p 
942 |c BK 
945 |d 20090427 00:00:00  |a rbrito 
260 |a Madrid  |b Alianza  |c 2007 
650 0 |a Trabajo social   |9 307856 
650 0 |a Formación profesional   |9 257232 
650 0 |a Investigación social   |9 307814 
583 |a last modification  |c 20090427 00:00:00  |k Rodrigo Vera 
490 0 |a Política Social-Servicios Sociales 
999 |c 333418  |d 333416 
952 |0 0  |1 0  |4 0  |6 361_000000000000000_VIS_2007  |7 0  |8 R  |9 421782  |a BIBGIM  |b BIBGIM  |d 2019-11-22  |i 4540298  |o 361 VIS 2007  |p 4540298  |r 2025-01-15  |w 2019-11-22  |y BK_R  |k SSL 
952 |0 0  |1 0  |4 0  |6 361_000000000000000_VIS_2007  |7 0  |8 R  |9 421783  |a BIBGIM  |b BIBGIM  |d 2019-11-22  |i 4540301  |o 361 VIS 2007  |p 4540301  |r 2025-01-15  |w 2019-11-22  |y BK_R  |k SSL